00617nam a22002052 4500001001100000005001700011008004100028020001700069040001500086050001700101100003400118245002500152260003600177300001100213650004100224908001100265950000600276999001500282952011400297000000356520151217145736.0070509s xx 000 0 eng d a0043700497 : aKABUcKABU 0aLB1051b.O231 aO'Connell, Brian.@000015356910aAspects of learning. aLondon :bAllen & Unwin,c1973. a144 p. 0aLearning, Psychology of.@0000153570 a070509 @1 c2152d2152 00102lcc70aKABUbKABUd2015-12-17l1oLB1051 .O23p007616r2017-08-25 00:00:00s2016-06-21w2015-12-17yBK